000 00590nam a22001577a 4500
082 _a621.313
_bGRA
_cL-10, P-19
100 _aGray, Alexender
_941301
245 _aElectrical machine design
_bThe design and specification of direct and alternating current machinery
_cGray, Alexender
250 _a2nd ed.
260 _aNew york, london
_bMcGraw-Hill Company
_c1926
300 _axiv, 523 p.
_bill.
_c22 cm.
526 _a0
_b0
_c0
_d621_313000000000000_GRA
650 _aMCE
_9379
650 _aThe design and specification of direct and alternating current machinery
_941302
942 _2ddc
_cBK
999 _c545446
_d545446